000 00609nam a2200229Ia 4500
003 OSt
005 20221006144738.0
006 a|||||r|||| 00| 0
007 ta
008 221006b |||||||| |||| 00| 0 eng d
024 _a12,588
037 _cTextual
040 _aEASL
_cEASL
_beng
041 _2eng
_aeng
082 _aV41:10(zK).N7, M0
100 _aKarki Dev Singh
_9110006
245 0 _aChina and non-alignment
260 _aNew Delhi
_bSopan Pub.
_c1980
300 _a93
_ccm.
942 _hV41:10(zK).N7, M0
_cTEXL
_2CC
999 _c1080674
_d1080674